Name a Valid European Football Club #1 - Statistics

General Stats
  • This quiz has been taken 824 times
  • The average score is 12 of 12
Answer Stats
Name a football club... Football Club % Correct
that was one of the founding clubs of European Super League AC Milan | Arsenal | Atlético Madrid | Chelsea | FC Barcelona | Inter Milan | Juventus | Liverpool | Manchester City | Manchester United | Real Madrid | Tottenham Hotspur
100%
that David Beckham has played for AC Milan | LA Galaxy | Manchester United | Paris Saint-Germain | Preston North End | Real Madrid
100%
in England with 1,000 top flight wins Arsenal | Aston Villa | Bolton Wanderers | Blackburn Rovers | Chelsea | Everton | Liverpool | Manchester City | Manchester United | Newcastle United | Sunderland | Tottenham Hotspur | West Bromwich Albion | Wolverhampton Wanderers
100%
that has won a Premier League title Arsenal | Blackburn Rovers | Chelsea | Leicester City | Liverpool | Manchester City | Manchester United
100%
that has won a La Liga title Athletic Bilbao | Atletico Madrid | Barcelona | Deportivo La Coruña | Real Betis | Real Madrid | Real Sociedad | Sevilla | Valencia
100%
with a stadium of 80k+ capacity Barcelona | Real Madrid
100%
that Cristiano Ronaldo has played for Juventus | Manchester United | Real Madrid | Sporting Lisbon
100%
that has at least won the Champions League and Europe League both twice Chelsea | Inter Milan | Juventus | Liverpool | Porto | Real Madrid
99%
in Germany starting with Borussia Borussia Dortmund | Borussia Fulda | Borussia Monchengladbach |Borussia Neunkirchen
97%
in Scottish Premier League Aberdeen | Celtic | Dundee United | Hearts | Hibernian | Kilmarnock | Livingston | Motherwell | Glasgow Rangers | Ross County | St. Johnstone | St. Mirren
94%
from Ukraine that has played in the Champions League Dnepr Dnepropetrovsk | Dynamo Kyiv | Metalist Kharkov |Shakhtar Donetsk | Tavria Simferopol
91%
that has made into quarter finals of UEFAEuropa Conference League Bodø/Glimt | Feyenoord | Leicester City | Marseille | PAOK | PSV | Roma | Slavia Praha
76%
No matching quizzes found
Score Distribution
Percent of People with Each Score
Percentile by Number Answered
Your Score History
You have not taken this quiz